| 000 | 00000nam##2200000za#4500 |
| 001 | 9.568211 |
| 003 | CaOODSP |
| 005 | 20240215150447 |
| 007 | cr ||||||||||| |
| 008 | 150406|1994||||xxc|||||o f|0| 0 eng|d |
| 040 | |aCaOODSP|beng |
| 043 | |an-cn--- |
| 086 | 1 |aPS83-3/33E-PDF |
| 110 | 2 |aCorrectional Service Canada. |
| 245 | 14|aThe prison careers of offenders with mental disorders / |h[electronic resource]|cprepared by Frank J. Porporino and Laurence L. Motiuk. |
| 246 | 1 |aPrison careers of offenders with mental disorders |
| 260 | |bCorrectional Service Canada |cApril 1994. |
| 300 | |a24p.|breferences, tables |
| 490 | 1 |aResearch report|vR-33 |
| 590 | |a10-09-Supp|b2010-11-02 |
| 720 | 1 |aMotiuk, Laurence L. |
| 720 | 1 |aPorporino, Frank J. |
| 775 | 08|tL'incarcération des délinquants ayant des problèmes de santé mentale / |w(CaOODSP)9.599501 |
| 830 | #0|aResearch report (Correctional Service Canada. Research Branch)|vR-33|w(CaOODSP)9.506063 |
| 856 | 40|ahttp://publications.gc.ca|qPDF|s115 KB|uhttps://publications.gc.ca/collections/collection_2010/scc-csc/PS83-3-33-eng.pdf|yR-33 |